[Event "5th Prague Masters 2023"]
[Site "Prague CZE"]
[Date "2023.06.28"]
[Round "7.1"]
[White "Shankland, Sam"]
[Black "Harikrishna, Pentala"]
[Result "1/2-1/2"]
[WhiteTitle "GM"]
[BlackTitle "GM"]
[WhiteElo "2711"]
[BlackElo "2704"]
[WhiteFideId "2004887"]
[BlackFideId "5007003"]
[EventDate "2023.06.21"]

1. e4 e5 2. Nf3 Nc6 3. Bb5 Nf6 4. d3 Bc5 5. Nc3 d6 6. Na4 Bb6 7. Nxb6 axb6 8.
O-O O-O 9. Re1 Bd7 10. Bg5 Ne7 11. Bc4 Ng6 12. Nh4 Nxh4 13. Bxh4 Be6 14. Bb3
Bxb3 15. axb3 Qe7 16. Qf3 Qe6 17. Bxf6 Qxf6 18. Qxf6 gxf6 19. g4 b5 20. c3 Rfd8
21. Kg2 c6 22. f4 b4 23. Kf3 bxc3 24. bxc3 Kg7 25. b4 Kg6 26. c4 b5 27. Rec1
bxc4 28. dxc4 Rdb8 29. Rxa8 Rxa8 30. Rb1 Ra3+ 31. Kg2 h5 32. b5 hxg4 33. b6 Ra8
34. fxe5 fxe5 35. Rd1 Kg5 36. Rxd6 Ra2+ 37. Kg3 Ra3+ 38. Kf2 c5 39. Rd5 Rb3 40.
Rxc5 Rxb6 41. Rxe5+ Kf4 42. Rf5+ Kxe4 43. Rxf7 Rb3 44. c5 Rc3 45. Rc7 Kf4 46. c6
Rc2+ 47. Kg1 Rc1+ 1/2-1/2

[Event "5th Prague Masters 2023"]
[Site "Prague CZE"]
[Date "2023.06.28"]
[Round "7.2"]
[White "Martirosyan, Haik M."]
[Black "Navara, David"]
[Result "1/2-1/2"]
[WhiteTitle "GM"]
[BlackTitle "GM"]
[WhiteElo "2685"]
[BlackElo "2689"]
[WhiteFideId "13306553"]
[BlackFideId "309095"]
[EventDate "2023.06.21"]

1. d4 Nf6 2. c4 e6 3. Nf3 d5 4. Nc3 Bb4 5. Bg5 h6 6. Bxf6 Qxf6 7. e3 O-O 8. Rc1
dxc4 9. Bxc4 c5 10. O-O cxd4 11. Ne4 Qe7 12. a3 Ba5 13. exd4 Rd8 14. Rc2 Bd7 15.
Re2 Bc6 16. Qc2 Rc8 17. Qd3 Bxe4 18. Rxe4 Nd7 19. Re2 Qd6 20. Rd1 Rc7 21. g3
Rac8 22. Ba2 Rc1 23. Rxc1 Rxc1+ 24. Kg2 Bb6 25. d5 Nf6 26. Qd2 Ra1 27. Bb3 Nxd5
28. Qc2 Qc6 29. Qxc6 bxc6 30. Ne5 c5 31. Rd2 Rc1 32. Bxd5 exd5 33. Rxd5 c4 34.
Nd7 Rc2 35. Nxb6 axb6 36. Rb5 c3 37. bxc3 Rxc3 38. Rxb6 Rxa3 1/2-1/2

[Event "5th Prague Masters 2023"]
[Site "Prague CZE"]
[Date "2023.06.28"]
[Round "7.4"]
[White "Gelfand, Boris"]
[Black "Nguyen, Thai Dai Van"]
[Result "1/2-1/2"]
[WhiteTitle "GM"]
[BlackTitle "GM"]
[WhiteElo "2668"]
[BlackElo "2653"]
[WhiteFideId "2805677"]
[BlackFideId "358878"]
[EventDate "2023.06.21"]

1. d4 Nf6 2. c4 e6 3. Nc3 Bb4 4. e3 O-O 5. Nf3 c5 6. Bd3 d5 7. cxd5 exd5 8. dxc5
Nbd7 9. O-O Bxc3 10. bxc3 Nxc5 11. Ba3 Qc7 12. Be2 Rd8 13. Rc1 a6 14. Qd4 Nce4
15. c4 dxc4 16. Qxc4 Qxc4 17. Bxc4 b5 18. Bb3 Be6 19. Nd4 Bxb3 20. axb3 a5 21.
f3 b4 22. Bb2 Nc3 23. Bxc3 bxc3 24. Ne2 Nd5 25. Kf2 Rac8 26. e4 Nb4 27. Rxc3
Nd3+ 28. Ke3 Rxc3 29. Nxc3 Nc5 30. Na4 Nxb3 31. Rb1 Nd4 32. Rc1 Ne6 33. f4 g6
34. f5 gxf5 35. exf5 Nd4 36. Rc5 Kg7 37. Nc3 Nc2+ 38. Kf4 Ne1 39. Rxa5 Nxg2+ 1/2-1/2

[Event "5th Prague Masters 2023"]
[Site "Prague CZE"]
[Date "2023.06.28"]
[Round "7.5"]
[White "Deac, Bogdan-Daniel"]
[Black "Wang, Hao"]
[Result "1/2-1/2"]
[WhiteTitle "GM"]
[BlackTitle "GM"]
[WhiteElo "2693"]
[BlackElo "2722"]
[WhiteFideId "1226380"]
[BlackFideId "8602883"]
[EventDate "2023.06.21"]

1. c4 Nf6 2. Nc3 e6 3. d4 d5 4. cxd5 exd5 5. Bg5 c6 6. e3 h6 7. Bh4 Be7 8. Bd3
O-O 9. Nge2 Ne4 10. Bxe7 Qxe7 11. Qc2 Bf5 12. Nf4 Re8 13. O-O Nd7 14. Rfe1 Qg5
15. f3 Nd6 16. Qf2 Bxd3 17. Nxd3 Qf5 18. Rad1 Re7 19. Qg3 Qf6 20. Nf4 Nf5 21.
Qf2 Nb6 22. g3 g5 23. Ng2 Nd6 24. e4 dxe4 25. fxe4 Qxf2+ 26. Kxf2 f6 27. Ne3
Nxe4+ 28. Nxe4 Rxe4 29. Nf5 Rxe1 30. Rxe1 Nd5 31. Nxh6+ Kg7 32. Nf5+ Kg6 33.
Ne7+ Nxe7 34. Rxe7 Rh8 35. Kg1 b5 36. Rxa7 1/2-1/2

[Event "5th Prague Masters 2023"]
[Site "Prague CZE"]
[Date "2023.06.29"]
[Round "8.1"]
[White "Harikrishna, Pentala"]
[Black "Wang, Hao"]
[Result "1-0"]
[WhiteTitle "GM"]
[BlackTitle "GM"]
[WhiteElo "2704"]
[BlackElo "2722"]
[WhiteFideId "5007003"]
[BlackFideId "8602883"]
[EventDate "2023.06.21"]

1. d4 Nf6 2. c4 e6 3. Nf3 d5 4. g3 dxc4 5. Bg2 c5 6. O-O Nc6 7. dxc5 Qxd1 8.
Rxd1 Bxc5 9. Nfd2 Nd4 10. Nc3 Nd5 11. Nde4 Nxc3 12. Nxc3 e5 13. Be3 O-O 14. Na4
Be7 15. Bxd4 exd4 16. Rxd4 Be6 17. Bxb7 Rab8 18. Be4 Rb4 19. Bc2 Bf6 20. Rd2 g6
21. Rb1 Bf5 22. Bxf5 Rxa4 23. b3 Ra5 24. Be4 Re8 25. f3 Bg5 26. Rc2 f5 27. Bc6
cxb3 28. Rxb3 Be3+ 29. Kg2 Re7 30. Bb5 Kg7 31. a4 a6 32. Bc6 g5 33. Rc4 Kf6 34.
Bb7 Kg7 35. f4 h6 36. h3 h5 37. fxg5 Bxg5 38. h4 Re3 39. Rb2 Bf6 40. Rbc2 Kg6
41. Bf3 Re6 42. Rd2 Rae5 43. Rc8 Ra5 44. Rd7 Rxa4 45. Rg8+ Kh6 46. Bxh5 Rd4 47.
Rf7 Rdd6 48. Kh3 1-0

[Event "5th Prague Masters 2023"]
[Site "Prague CZE"]
[Date "2023.06.29"]
[Round "8.4"]
[White "Navara, David"]
[Black "Robson, Ray"]
[Result "1/2-1/2"]
[WhiteTitle "GM"]
[BlackTitle "GM"]
[WhiteElo "2689"]
[BlackElo "2689"]
[WhiteFideId "309095"]
[BlackFideId "2023970"]
[EventDate "2023.06.21"]

1. d4 Nf6 2. c4 e6 3. Nc3 Bb4 4. e3 O-O 5. Bd3 c5 6. Nf3 d5 7. cxd5 exd5 8. dxc5
Bg4 9. O-O Bxc5 10. h3 Bh5 11. b3 Nc6 12. Bb2 a6 13. Rc1 Qd6 14. g4 Bg6 15. Bxg6
hxg6 16. g5 Ne4 17. Nxe4 dxe4 18. Qxd6 Bxd6 19. Nd2 Rfe8 20. Rc4 Ne5 21. Bxe5
Rxe5 22. Nxe4 b5 23. Rd4 Bc5 24. Nxc5 Rxg5+ 25. Kh2 Rxc5 26. Rfd1 Rc2 27. R1d2
Rac8 28. Kg3 Kf8 29. Rd8+ Rxd8 30. Rxc2 a5 31. Rc5 Rd2 32. a4 b4 33. Rxa5 Rb2
34. Rb5 Rxb3 35. a5 Ra3 36. Rxb4 Rxa5 37. Rb8+ Ke7 38. Rb7+ 1/2-1/2

[Event "5th Prague Masters 2023"]
[Site "Prague CZE"]
[Date "2023.06.29"]
[Round "8.5"]
[White "Shankland, Sam"]
[Black "Martirosyan, Haik M."]
[Result "1/2-1/2"]
[WhiteTitle "GM"]
[BlackTitle "GM"]
[WhiteElo "2711"]
[BlackElo "2685"]
[WhiteFideId "2004887"]
[BlackFideId "13306553"]
[EventDate "2023.06.21"]

1. Nf3 d5 2. d4 Nf6 3. c4 e6 4. Nc3 Nbd7 5. Bf4 dxc4 6. e3 Bd6 7. Bg3 Nb6 8.
Bxc4 Nxc4 9. Qa4+ Bd7 10. Qxc4 Bc6 11. Bh4 Bxf3 12. gxf3 c6 13. Rg1 g6 14. Qb3
Rb8 15. e4 Be7 16. Bg3 O-O 17. O-O-O Qa5 18. Bxb8 Rxb8 19. Kb1 Qh5 20. f4 Qxh2
21. f5 exf5 22. exf5 Kg7 23. fxg6 hxg6 24. Rge1 Bf8 25. Rf1 Qf4 26. d5 Bd6 27.
Qc2 Be5 28. f3 Qc4 29. Rh1 cxd5 30. Nxd5 Qxc2+ 31. Kxc2 Rc8+ 32. Kb1 Rc5 33. Nb4
Rb5 34. Nd3 Bd6 35. Rh4 Rf5 36. Rd4 Bc7 37. Ne1 Bb6 38. R4d3 g5 39. Ng2 Bc5 40.
Kc2 b6 41. a3 a5 42. Re1 Nd5 43. Re8 Nc7 44. Re4 Nd5 45. Kd1 Nf6 46. Rc4 Nd5 47.
Ke2 Kg6 48. Rg4 Kf6 49. Re4 Kg6 50. Re8 Kf6 51. Re4 Kg6 52. Re8 Kf6 1/2-1/2

[Event "5th Prague Masters 2023"]
[Site "Prague CZE"]
[Date "2023.06.30"]
[Round "9.1"]
[White "Martirosyan, Haik M."]
[Black "Harikrishna, Pentala"]
[Result "1/2-1/2"]
[WhiteTitle "GM"]
[BlackTitle "GM"]
[WhiteElo "2685"]
[BlackElo "2704"]
[WhiteFideId "13306553"]
[BlackFideId "5007003"]
[EventDate "2023.06.21"]

1. d4 d5 2. c4 e6 3. Nc3 Nf6 4. cxd5 exd5 5. Bg5 Be7 6. e3 O-O 7. Bd3 Re8 8. Nf3
h6 9. Bh4 c6 10. O-O Nbd7 11. Qc2 Ne4 12. Bxe4 Bxh4 13. Bh7+ Kh8 14. Bd3 Be7 15.
Rae1 Bd6 16. e4 dxe4 17. Nxe4 Bc7 18. Bc4 Rf8 19. Bb3 Nf6 20. Nxf6 Qxf6 21. Ne5
Be6 22. Re3 Rad8 23. Rf3 Qe7 24. Qe4 Bxe5 25. Qxe5 Qd6 26. Qc5 Bxb3 27. Rxb3 b6
28. Qc4 Qf6 29. Qa4 Rd7 30. d5 Rxd5 1/2-1/2

[Event "5th Prague Masters 2023"]
[Site "Prague CZE"]
[Date "2023.06.30"]
[Round "9.2"]
[White "Robson, Ray"]
[Black "Shankland, Sam"]
[Result "1/2-1/2"]
[WhiteTitle "GM"]
[BlackTitle "GM"]
[WhiteElo "2689"]
[BlackElo "2711"]
[WhiteFideId "2023970"]
[BlackFideId "2004887"]
[EventDate "2023.06.21"]

1. d4 d5 2. c4 c6 3. Nf3 Nf6 4. Nc3 dxc4 5. a4 e6 6. e3 c5 7. Bxc4 cxd4 8. exd4
Be7 9. O-O O-O 10. Qe2 Nc6 11. Rd1 Nb4 12. Bg5 h6 13. Bh4 Bd7 14. Ne5 Rc8 15. a5
Be8 16. h3 Nfd5 17. Nxd5 exd5 18. Bxe7 Qxe7 19. Bb3 Bd7 20. Qd2 Be6 21. Ra4 Nc6
22. Bc2 Rfe8 23. Re1 Qf6 24. Bd3 Bf5 25. Bxf5 Qxf5 26. Nxc6 Rxe1+ 27. Qxe1 Rxc6
28. Ra3 Qf4 29. Rc3 Qxd4 30. Rxc6 bxc6 31. Qe8+ Kh7 32. Qxf7 Qxb2 1/2-1/2

[Event "5th Prague Masters 2023"]
[Site "Prague CZE"]
[Date "2023.06.30"]
[Round "9.3"]
[White "Gelfand, Boris"]
[Black "Navara, David"]
[Result "1/2-1/2"]
[WhiteTitle "GM"]
[BlackTitle "GM"]
[WhiteElo "2668"]
[BlackElo "2689"]
[WhiteFideId "2805677"]
[BlackFideId "309095"]
[EventDate "2023.06.21"]

1. Nf3 d5 2. g3 Nf6 3. Bg2 c6 4. O-O Bg4 5. h3 Bh5 6. d3 e6 7. c4 Bc5 8. Qb3
Bxf3 9. Bxf3 Qc7 10. Bg2 Nbd7 11. cxd5 exd5 12. e3 O-O 13. Nd2 a5 14. Qc2 a4 15.
Rb1 Rfe8 16. Nf3 Bb6 17. b4 axb3 18. axb3 Ne5 19. b4 Nxf3+ 20. Bxf3 h5 21. Kg2
h4 22. g4 Qd6 23. Bd2 Nh7 24. e4 dxe4 25. Bxe4 Nf6 26. Bg5 Nd5 27. Qc4 Bc7 28.
Rh1 Ra3 29. Bxd5 cxd5 30. Qc5 Rxd3 31. Qxd6 Bxd6 32. Rhd1 Rxd1 33. Rxd1 Bxb4 34.
Rxd5 Be7 35. Be3 Rd8 36. Rb5 Rd7 37. g5 g6 38. Kf3 f6 39. Kg4 Kf7 40. Kxh4 fxg5+
41. Bxg5 Rd4+ 42. Kg3 Rb4 43. Ra5 Bd6+ 44. Kf3 Ke6 45. Bd2 Rd4 46. Be3 Rd5 47.
Ra7 b5 48. Rg7 Kf6 49. Rb7 b4 50. h4 Kf5 51. Rf7+ Ke6 52. Rg7 b3 53. Rb7 Rd3 54.
Ke2 Rc3 55. Bd2 Rh3 56. Be3 Rxh4 1/2-1/2

[Event "5th Prague Masters 2023"]
[Site "Prague CZE"]
[Date "2023.06.30"]
[Round "9.5"]
[White "Wang, Hao"]
[Black "Nguyen, Thai Dai Van"]
[Result "1/2-1/2"]
[WhiteTitle "GM"]
[BlackTitle "GM"]
[WhiteElo "2722"]
[BlackElo "2653"]
[WhiteFideId "8602883"]
[BlackFideId "358878"]
[EventDate "2023.06.21"]

1. d4 Nf6 2. c4 e6 3. Nc3 Bb4 4. Qc2 O-O 5. a3 Bxc3+ 6. Qxc3 d5 7. Nf3 Nbd7 8.
cxd5 exd5 9. Bg5 h6 10. Bh4 b6 11. e3 c5 12. Nd2 a5 13. Rc1 Ba6 14. Bxa6 Rxa6
15. O-O Qe7 16. Qb3 Raa8 17. Qb5 Rfc8 18. Rfe1 Qd6 19. Bg3 Qc6 20. Qxc6 Rxc6 21.
dxc5 bxc5 22. e4 dxe4 23. Nxe4 Nh5 24. Red1 Nxg3 25. hxg3 Rc7 26. Rd6 Rb8 27.
Rc2 Nb6 28. b3 Nd7 29. Rc3 a4 30. b4 Rbc8 31. Nxc5 Nxc5 32. bxc5 Rxc5 33. Rxc5
Rxc5 34. Rd4 Ra5 35. g4 g6 36. f3 Kg7 37. Kf2 h5 38. gxh5 1/2-1/2